000 00687nam a22002057a 4500
999 _c2463
_d2463
003 OSt
005 20210712063954.0
008 210712b ||||| |||| 00| 0 eng d
020 _a9780534613006
040 _cALUPE UNIVERSITY
050 _aJC421
_b.C57 2004
100 _a Howard J Wiarda
245 _aComparative democracy and democratization
250 _aPrint book
_b: English
260 _a Mason, Ohio
_b Cengage Learning
_cc2008
300 _a ix, 182 pages :
_b1 map ;
_g24 cm
500 _aindexes included
650 _2 Democracy -- History -- 20th century. Democratization -- History -- 20th century. Comparative government.
942 _2lcc
_cBK
_nDO